000 00332pab a2200145 454500
008 180718b1985 xxu||||| |||| 00| 0 eng d
100 _aLavakare, P.J.
245 _aTaking technology to the poor
260 _c1985
300 _a4-6,26
362 _a26 Jan.
650 _aTechnology - India
773 _aYojana
909 _a19160
999 _c19160
_d19160